Australia by Letter - W - Statistics

General Stats
  • This quiz has been taken 20 times
  • The average score is 6 of 10
Answer Stats
Hint Answer % Correct
Australia's largest state by area Western Australia
100%
Small to medium sized macropod related to the kangaroo Wallaby
83%
Stocky marsupial known for digging and square poo Wombat
78%
Floral emblem of Australia, a yellow flower Wattle
67%
City in NSW's Riverina region with a double name Wagga Wagga
61%
Australia's best-selling breakfast cereal Weet-Bix
56%
"Out in ____ ____", an imaginary place far away from anywhere else Woop Woop
56%
One of Australia's two major supermarkets Woolworths
50%
Floral emblem of New South Wales, a red flower Waratah
44%
Mainland Australia's southernmost point, ______'_ Promontory Wilson's
44%
No matching quizzes found
Score Distribution
Percent of People with Each Score
Percentile by Number Answered
Your Score History
You have not taken this quiz